Robot Motion Planning in Dynamic Pedestrian Environment Using PO/MDP Based Techniques / (Record no. 524877)

000 -LEADER
fixed length control field 00482nam a22001577a 4500
003 - CONTROL NUMBER IDENTIFIER
control field NUST
038 ## - RECORD CONTENT LICENSOR
Staff Name Mr. Zahoor
082 ## - DEWEY DECIMAL CLASSIFICATION NUMBER
Classification number 621
100 ## - MAIN ENTRY--PERSONAL NAME
Personal name Mohsin Manzoor
9 (RLIN) 15673
245 ## - TITLE STATEMENT
Title Robot Motion Planning in Dynamic Pedestrian Environment Using PO/MDP Based Techniques /
Statement of responsibility, etc. Asif Raza Khan
260 ## - PUBLICATION, DISTRIBUTION, ETC.
Place of publication, distribution, etc. Islamabad :
Name of publisher, distributor, etc. CEME - NUST,
Date of publication, distribution, etc. 2016.
300 ## - PHYSICAL DESCRIPTION
Extent x, 49 p. : ill. ;
Dimensions 30 cm.
500 ## - GENERAL NOTE
General note Hardcover.
600 ## - SUBJECT ADDED ENTRY--PERSONAL NAME
Personal name Mechatronics Engineering - MS Thesis
9 (RLIN) 15674
942 ## - ADDED ENTRY ELEMENTS (KOHA)
Source of classification or shelving scheme
Koha item type Thesis
Holdings
Withdrawn status Lost status Source of classification or shelving scheme Damaged status Not for loan Permanent Location Current Location Shelving location Date acquired Total Checkouts Full call number Barcode Date last seen Price effective from Koha item type
          Central Library (CL) Central Library (CL) Thesis 06/27/2019   621 CL-T-1806 06/27/2019 06/27/2019 Thesis
© 2023 Central Library, National University of Sciences and Technology. All Rights Reserved.